000 00535nam a2200181Ia 4500
001 23723
005 20260414150956.0
008 260414t2013||||xx |||||||||||||| ||spa||
041 _aESP
082 _a694.0218
_bI59B
110 _aInstituto Peruano de Evaluación, Acreditación y Certificación de la Calidad de la Educación Básica
245 0 _aNormas de competencia del carpintero industrial de mypes
_b
260 _c2013
300 _a61 páginas :
_c24 cm.
650 _a0
654 _aCIC
942 _cLIB
_dJUS
_fJUS
_2ddc
_n
999 _c23723
_d23723